Breve historia del movimiento sindical guatemalteco /

Se presentan los principales aspectos de la historia del movimiento sindical guatemalteco. Esta reseña está dividida en cuatro etapas: 1- etapa de mutualidades, 2.- primera etapa del sindicalismo guatemalteco (década de 1920-30), 3.- segunda etapa del sindicalismo guatemalteco: la Revolución de Octu...

Cur síos iomlán

Sábháilte in:
Sonraí bibleagrafaíochta
Príomhchruthaitheoir: López Larrave, Mario
Formáid: Téacs
Ábhair:
Clibeanna: Cuir clib leis
Níl clibeanna ann, Bí ar an gcéad duine le clib a chur leis an taifead seo!

MARC

LEADER 00000 a a2200000 04500
001 7709
003
040
100 |a López Larrave, Mario  
245 |a Breve historia del movimiento sindical guatemalteco /  |c Mario López Larrave 
520 |a Se presentan los principales aspectos de la historia del movimiento sindical guatemalteco. Esta reseña está dividida en cuatro etapas: 1- etapa de mutualidades, 2.- primera etapa del sindicalismo guatemalteco (década de 1920-30), 3.- segunda etapa del sindicalismo guatemalteco: la Revolución de Octubre (1944-1954), 4.- tercera etapa del sindicalismo guatemalteco: la contrarevolución, (1954...). Dentro de cada etapa se muestran las características de las organizaciones obreras de ese período, las principales organizaciones sindicales, la participación política de los obreros guatemaltecos, así como el marco legal en que se movían dichas organizaciones. Se concluye en que Guatemala no puede esperar un desarrollo significativo en las organizaciones de trabajadores, en tanto permanezcan intactas las estructuras del sistema el sindicalismo debe propiciar ese cambio. Ya desde el segundo gobierno de la revolución, los trabajadores lograron unirse y el sindicalismo comenzó a despuntarse como un grupo de presión. AR/MR  
650 |a SINDICATOS  
650 |a ORGANIZACIONES DE TRABAJADORES  
650 |a PARTICIPACION DE LOS TRABAJADORES  
650 |a RELACIONES LABORALES  
650 |a REPRESION  
650 |a POBLACION ACTIVA  
773 |g número 2 -3; páginas 31-83  
999 |c 22668  |d 22668 
773 0 |0 43284  |9 4758  |a Universidad Nacional de Costa Rica.  |d Heredia, Costa Rica: UNA. FCS. IESTRA  |o MFN: 1012  |t Estudios Laborales/